000
00328nam a22001457a 4500
003
SGT
020
_a
978-1-907668-45-9
082
_a
615
_b
MAT
100
_a
MATEESCU, MIRCEA A.
245
_a
CONTROLLED DRUG DELIVERY
260
_a
U.K.
_b
WP PUBLISHING
_c
2015
300
_a
250
650
_a
DRUG DELIVERY
942
_2
ddc
_c
BK
999
_c
33118
_d
33118